000 01561nam a2200277Ia 4500
999 _c38305
_d38305
001 4315
003 GE_BSU
005 20191007122036.0
008 181216s1984||||ge |||||||||||||| ||geo||
040 _cGE_BSU
041 _ageo
080 _a39(479.22) თ-77
100 _aთოფურია, ნ.
_94573
245 _aქართველი ხალხის სამეურნეო ყოფის ისტორიიდან :
_bმევენახეობა-მეღვინეობასთან დაკავშირებული წეს-ჩვეულებები /
_cრედ. თ. ოჩიაური.
264 _aთბ. :
_bმეცნიერება,
_c1984.
300 _a102 გვ. ;
_b21 სმ.
504 _aბიბლიოგრ. ტექსტის შენიშვნებში.
541 _h2 ლ.
653 _aქართველების ეთნოგრაფია
653 _aქართველების სამეურნეო ყოფის ისტორია;
653 _aმევენახეობა საქართველოში;
653 _aმეღვინეობა საქართველოში;
700 _aოჩიაური, თ.
_eრედაქტორი
_969
710 _aსაქ. სსრ მეცნ. აკად., ივ. ჯავახიშვილის სახ. ისტორიის, არქეოლ. და ეთნოგრ. ინ-ტი.
_94574
942 _cBK
_2udc